000 00434nam a2200181Ia 4500
005 20240823050000.0
008 240823s9999||||xx |||||||||||||| ||und||
020 _a978-81-7254-367-9
041 _aENGLISH
082 _A621
100 _aSubburaj V V K
245 0 _aSSC Junior Engineering Mechanical Engineering
250 _a1st
260 _bSura College Compet
500 _aYES
650 _aSSC
_bGeneral
942 _cBK
999 _c216212
_d216212